| 000 | 00541nam a22001817a 4500 | ||
|---|---|---|---|
| 999 |
_c532479 _d532479 |
||
| 003 | Nust | ||
| 005 | 20191121134041.0 | ||
| 008 | 170412b xxu||||| |||| 00| 0 eng d | ||
| 020 | _a8174732659 | ||
| 038 | _aMSOHAIL | ||
| 040 | _c0 | ||
| 082 | _a363.61 BAR | ||
| 245 |
_aHeterotrophic Plate Counts and Drinking-Water Safety: _bThe Signigicance Of HPCs for Water Quality and Human Health _cEdited by J.Bartram,J.Cotruvo,M.Exner |
||
| 260 |
_aGeneva _bA.I.T.B.S. _c2005 |
||
| 300 | _a256p. | ||
| 500 | _aH.B | ||
| 942 |
_2ddc _cBK _k363.61 BAR |
||